Decision at sea (Record no. 7584)
[ view plain ]
| 000 -LEADER | |
|---|---|
| fixed length control field | 01853nam a2200337 a 4500 |
| 001 - CONTROL NUMBER | |
| control field | ebr10271735 |
| 003 - CONTROL NUMBER IDENTIFIER | |
| control field | CaPaEBR |
| 006 - FIXED-LENGTH DATA ELEMENTS--ADDITIONAL MATERIAL CHARACTERISTICS--GENERAL INFORMATION | |
| fixed length control field | m u |
| 007 - PHYSICAL DESCRIPTION FIXED FIELD--GENERAL INFORMATION | |
| fixed length control field | cr cn||||||||| |
| 008 - FIXED-LENGTH DATA ELEMENTS--GENERAL INFORMATION | |
| fixed length control field | 041214s2005 enkab sb 001 0 eng |
| 010 ## - LIBRARY OF CONGRESS CONTROL NUMBER | |
| Canceled/invalid LC control number | 2004029394 |
| 020 ## - INTERNATIONAL STANDARD BOOK NUMBER | |
| Cancelled/invalid ISBN | 9780195171457 (hardcover : acid-free paper) |
| Cancelled/invalid ISBN | 0195171454 (hardcover : acid-free paper) |
| 040 ## - CATALOGING SOURCE | |
| Original cataloging agency | CaPaEBR |
| Transcribing agency | CaPaEBR |
| 035 ## - SYSTEM CONTROL NUMBER | |
| System control number | (OCoLC)252668951 |
| 043 ## - GEOGRAPHIC AREA CODE | |
| Geographic area code | n-us--- |
| 050 14 - LIBRARY OF CONGRESS CALL NUMBER | |
| Classification number | E182 |
| Item number | .S995 2005eb |
| 082 04 - DEWEY DECIMAL CLASSIFICATION NUMBER | |
| Classification number | 359.4/773 |
| Edition number | 22 |
| 100 1# - MAIN ENTRY--PERSONAL NAME | |
| Personal name | Symonds, Craig L. |
| 245 10 - TITLE STATEMENT | |
| Title | Decision at sea |
| Medium | [electronic resource] : |
| Remainder of title | five naval battles that shaped American history / |
| Statement of responsibility, etc | Craig L. Symonds. |
| 260 ## - PUBLICATION, DISTRIBUTION, ETC. (IMPRINT) | |
| Place of publication, distribution, etc | Oxford ; |
| -- | New York : |
| Name of publisher, distributor, etc | Oxford University Press, |
| Date of publication, distribution, etc | 2005. |
| 300 ## - PHYSICAL DESCRIPTION | |
| Extent | xvii, 378 p. : |
| Other physical details | ill., maps. |
| 504 ## - BIBLIOGRAPHY, ETC. NOTE | |
| Bibliography, etc | Includes bibliographical references and index. |
| 505 0# - FORMATTED CONTENTS NOTE | |
| Formatted contents note | Prologue : naval battles and history -- Wooden warships and the western frontier : the Battle of Lake Erie, September 10, 1813 -- Iron, steam, and national union : the Battle of Hampton Roads, March 8-9, 1862 -- Armored cruisers and empire : the Battle of Manila Bay, May 1, 1898 -- Naval aviation and world war : the Battle of Midway, June 4, 1942 -- Missile warfare and the American imperium : Operation Praying Mantis, the Persian Gulf, April 18, 1988 -- Epilogue : naval battles and the 21st century. |
| 533 ## - REPRODUCTION NOTE | |
| Type of reproduction | Electronic reproduction. |
| Place of reproduction | Palo Alto, Calif. : |
| Agency responsible for reproduction | ebrary, |
| Date of reproduction | 2013. |
| Note about reproduction | Available via World Wide Web. |
| -- | Access may be limited to ebrary affiliated libraries. |
| 650 #0 - SUBJECT ADDED ENTRY--TOPICAL TERM | |
| Topical term or geographic name as entry element | Naval battles |
| Geographic subdivision | United States |
| General subdivision | History. |
| 651 #0 - SUBJECT ADDED ENTRY--GEOGRAPHIC NAME | |
| Geographic name | United States |
| General subdivision | History, Naval |
| Form subdivision | Anecdotes. |
| 655 #7 - INDEX TERM--GENRE/FORM | |
| Genre/form data or focus term | Electronic books. |
| Source of term | local |
| 710 2# - ADDED ENTRY--CORPORATE NAME | |
| Corporate name or jurisdiction name as entry element | ebrary, Inc. |
| 856 40 - ELECTRONIC LOCATION AND ACCESS | |
| Uniform Resource Identifier | <a href="http://site.ebrary.com/lib/rucke/Doc?id=10271735">http://site.ebrary.com/lib/rucke/Doc?id=10271735</a> |
| Public note | An electronic book accessible through the World Wide Web; click to view |
No items available.
